[Event "POL-chT3 Liga Slaska"]
[Site "Poland"]
[Date "2007.03.18"]
[Round "5"]
[White "Gonsior, Monika"]
[Black "Blimke, Dalia"]
[Result "1/2-1/2"]
[WhiteElo "2137"]
[BlackElo "2229"]
[PlyCount "31"]
[EventDate "2007.01.28"]
[EventType "team-swiss"]
[EventRounds "9"]
[EventCountry "POL"]
[SourceTitle "EXT 2019"]
[Source "ChessBase"]
[SourceDate "2018.10.10"]
[SourceVersion "1"]
[SourceVersionDate "2018.10.10"]
[SourceQuality "1"]
[WhiteTeam "Czerwionka Gornik 23"]
[BlackTeam "Katowice Hetman Szopienice III"]
[WhiteTeamCountry "POL"]
[BlackTeamCountry "POL"]

1. e4 c5 2. Nf3 e6 3. d4 cxd4 4. Nxd4 Nc6 5. c3 Nf6 6. Bd3 Qb6 7. Nxc6 bxc6 8. e5 Nd5 9. 0-0 Ba6 10. Kh1 Bxd3 11. Qxd3 Bc5 12. Qg3 h5 13. b4 Be7 14. a3 h4 15. Qd3 Qc7 16. f4 1/2-1/2

[Event "POL-chT3 Liga Slaska"]
[Site "Poland"]
[Date "2007.02.11"]
[Round "3"]
[White "Krasnodebska, Magdalena"]
[Black "Blimke, Dalia"]
[Result "1/2-1/2"]
[WhiteElo "1975"]
[BlackElo "2229"]
[PlyCount "99"]
[EventDate "2007.01.28"]
[EventType "team-swiss"]
[EventRounds "9"]
[EventCountry "POL"]
[SourceTitle "EXT 2011"]
[Source "ChessBase"]
[SourceDate "2010.11.26"]
[SourceVersion "1"]
[SourceVersionDate "2010.11.26"]
[SourceQuality "1"]
[WhiteTeam "Gliwice Politechnika Slaska II"]
[BlackTeam "Katowice Hetman Szopienice III"]
[WhiteTeamCountry "POL"]
[BlackTeamCountry "POL"]

1. e4 c5 2. Nf3 e6 3. d4 cxd4 4. Nxd4 Nc6 5. c4 Nf6 6. Nc3 Bb4 7. Nxc6 bxc6 8. Bd3 Qc7 9. 0-0 0-0 10. Qc2 Ng4 11. f4 e5 12. h3 Bc5+ 13. Kh1 Ne3 14. Bxe3 Bxe3 15. f5 f6 16. Ne2 Rb8 17. Rf3 Bc5 18. Rd1 Kh8 19. Ng3 d6 20. Nf1 Bd4 21. b3 a5 22. Nh2 a4 23. Ng4 Qa7 24. Be2 Qc5 25. Qd2 Ba6 26. Rc1 axb3 27. axb3 Qa3 28. Rb1 Qb4 29. Qxb4 Rxb4 30. Ne3 Rfb8 31. Nc2 R4b6 32. b4 d5 33. Nxd4 exd4 34. exd5 cxd5 35. b5 dxc4 36. Bxc4 Bb7 37. Rf4 Rd6 38. Bd3 Kg8 39. Rb4 Rbd8 40. Kg1 Kf7 41. Kf2 g5 42. fxg6+ hxg6 43. Rh4 Kg7 44. Rc4 f5 45. Rf4 R8d7 46. h4 Rd5 47. Rb4 R5d6 48. Rc4 Rd5 49. Rb4 R5d6 50. Rc4 1/2-1/2

[Event "Belgrade (Women) 36th"]
[Site "Belgrade"]
[Date "2003.03.09"]
[Round "5"]
[White "Blimke, Dalia"]
[Black "Kalevic, Sanja"]
[Result "1/2-1/2"]
[WhiteElo "2231"]
[BlackElo "2291"]
[PlyCount "113"]
[EventDate "2003.03.05"]
[EventType "tourn"]
[EventRounds "9"]
[EventCountry "YUG"]
[EventCategory "2"]
[SourceTitle "CBM 093 Extra"]
[Source "ChessBase"]
[SourceDate "2003.05.09"]
[SourceVersion "1"]
[SourceVersionDate "2003.05.09"]
[SourceQuality "1"]

1. e4 c5 2. Nf3 e6 3. d4 cxd4 4. Nxd4 Bc5 5. Be3 Qb6 6. c3 Nc6 7. Nd2 Nxd4 8. Nc4 Qc6 9. Bxd4 Qxe4+ 10. Be2 Be7 11. 0-0 Nf6 12. Bf3 Qh4 13. Qa4 0-0 14. Nb6 axb6 15. Qxa8 d5 16. Qb8 Nd7 17. Qg3 Qh6 18. Rfe1 Nc5 19. Qc7 Qg5 20. Re5 f5 21. Bxc5 Bxc5 22. b4 Qe7 23. Qxe7 Bxe7 24. Bxd5 Rf6 25. Re2 Bd6 26. Bc4 Kf8 27. Rd1 Ke7 28. Bd5 Kd7 29. Bf3 Kc7 30. a3 e5 31. Bd5 Bd7 32. c4 Ba4 33. Rc1 e4 34. g3 Be5 35. Kg2 Rd6 36. f3 exf3+ 37. Kxf3 Bf6 38. Rce1 b5 39. Re6 Rd8 40. Re8 Rxe8 41. Rxe8 bxc4 42. Re1 c3 43. Bc4 c2 44. Rc1 Bb2 45. Bb5 Bb3 46. Bc4 Ba4 47. Bb5 Bxc1 48. Bxa4 Bxa3 49. Bxc2 Bxb4 50. Bxf5 g6 51. Bc2 Kd6 52. Ke4 Be1 53. Bb3 g5 54. Kf5 Bd2 55. h4 gxh4 56. gxh4 Kc5 57. Ke4 1/2-1/2

[Event "POL-chT 58th"]
[Site "Lubniewice"]
[Date "2002.09.02"]
[Round "3"]
[White "Blimke, Dalia"]
[Black "Rajlich, Iweta"]
[Result "1-0"]
[WhiteElo "2220"]
[BlackElo "2447"]
[PlyCount "129"]
[EventDate "2002.08.31"]
[EventType "team-tourn"]
[EventRounds "9"]
[EventCountry "POL"]
[SourceTitle "EXT 2019"]
[Source "ChessBase"]
[SourceDate "2018.10.10"]
[SourceVersion "1"]
[SourceVersionDate "2018.10.10"]
[SourceQuality "1"]
[WhiteTeam "Legnica Miedz"]
[BlackTeam "Grodzisk Polfa Mazowiecki"]
[WhiteTeamCountry "POL"]
[BlackTeamCountry "POL"]

1. e4 e6 2. Nf3 d5 3. e5 c5 4. b4 Nc6 5. bxc5 Bxc5 6. d4 Be7 7. c3 f6 8. Bd3 fxe5 9. dxe5 Qc7 10. Qe2 Bd7 11. 0-0 0-0-0 12. Na3 a6 13. Rb1 Qa5 14. Nc2 Nh6 15. Ncd4 Nf7 16. Nxc6 Bxc6 17. Nd4 Bd7 18. c4 dxc4 19. Qf3 Qd5 20. Be4 Qxd4 21. Bxb7+ Kc7 22. Qxf7 Rde8 23. Be3 Qd3 24. Rfd1 Qf5 25. Qxf5 exf5 26. Bb6+ Kxb7 27. Rxd7+ Kc6 28. Rc7+ Kd5 29. f4 c3 30. Rd1+ Ke6 31. Rc6+ Kf7 32. Rxc3 Rc8 33. Rcd3 Rc6 34. Be3 Rb8 35. R1d2 Rb1+ 36. Kf2 Bh4+ 37. g3 Be7 38. Rb3 Rh1 39. Kg2 Rhc1 40. Rb7 R1c2 41. Rbd7 Ke6 42. Kf3 Rxd2 43. Rxd2 Rc3 44. Ke2 Ra3 45. Bb6 g5 46. Be3 h5 47. fxg5 Rxe3+ 48. Kxe3 Bxg5+ 49. Ke2 Bxd2 50. Kxd2 Kxe5 51. Ke3 a5 52. a4 Kd5 53. Kf4 Kc4 54. Kxf5 Kb4 55. g4 hxg4 56. Kxg4 Kxa4 57. h4 Kb3 58. h5 a4 59. h6 a3 60. h7 Ka2 61. h8Q Kb1 62. Qh1+ Kb2 63. Qg2+ Kb1 64. Qf1+ Kb2 65. Qe2+ 1-0

[Event "POL-chT 58th"]
[Site "Lubniewice"]
[Date "2002.08.31"]
[Round "1"]
[White "Blimke, Dalia"]
[Black "Dworakowska, Joanna"]
[Result "0-1"]
[WhiteElo "2220"]
[BlackElo "2414"]
[PlyCount "148"]
[EventDate "2002.08.31"]
[EventType "team-tourn"]
[EventRounds "9"]
[EventCountry "POL"]
[SourceTitle "EXT 2019"]
[Source "ChessBase"]
[SourceDate "2018.10.10"]
[SourceVersion "1"]
[SourceVersionDate "2018.10.10"]
[SourceQuality "1"]
[WhiteTeam "Legnica Miedz"]
[BlackTeam "Plock PTSz"]
[WhiteTeamCountry "POL"]
[BlackTeamCountry "POL"]

1. e4 c5 2. Nf3 Nc6 3. d4 cxd4 4. Nxd4 Nf6 5. Nc3 d6 6. Bg5 e6 7. Qd2 a6 8. f3 h6 9. Be3 d5 10. exd5 Nxd5 11. Nxd5 Qxd5 12. Nxc6 Qxc6 13. Bd4 Qc7 14. Bd3 Bd7 15. Qe2 Bc6 16. 0-0-0 Qf4+ 17. Be3 Qa4 18. Kb1 Be7 19. Qf2 Bf6 20. Bc5 Bd5 21. b3 Qa5 22. Bd4 Bxd4 23. Qxd4 0-0 24. Qe5 b5 25. Be4 Bxe4 26. Qxe4 Rad8 27. Qe2 Qc7 28. h3 Qc3 29. Qe1 Rxd1+ 30. Qxd1 Rc8 31. Re1 a5 32. Re2 a4 33. Qd2 Qf6 34. Qb4 axb3 35. cxb3 Qg5 36. Qd2 Qf5+ 37. Kb2 Qf6+ 38. Kb1 Rd8 39. Qc2 Qg5 40. a3 Rd4 41. Qc8+ Kh7 42. Qc2+ g6 43. Ka2 Qd5 44. Kb2 Rd3 45. Ka2 Qd6 46. Qb2 Rd1 47. Rc2 e5 48. Re2 Rd5 49. Qc2 Rd1 50. Qc3 b4 51. Qxe5 Rd2+ 52. Ka1 Rd1+ 53. Ka2 Rd2+ 54. Ka1 Qxe5+ 55. Rxe5 bxa3 56. b4 Rxg2 57. Re1 Rg5 58. Ka2 Rh5 59. Rb1 Rxh3 60. Rb3 Rh2+ 61. Kxa3 Re2 62. b5 Re8 63. Kb4 g5 64. b6 h5 65. Kc5 Kg6 66. b7 Rb8 67. Kd6 Kf5 68. Ke7 h4 69. Kxf7 h3 70. Rb5+ Kf4 71. Kg6 h2 72. Rb1 Rxb7 73. Ra1 Rb2 74. Kh5 Rg2 0-1

[Event "POL-ch (Women)"]
[Site "Brzeg Dolny"]
[Date "2001.10.04"]
[Round "10"]
[White "Blimke, Dalia"]
[Black "Socko, Monika"]
[Result "0-1"]
[WhiteElo "2206"]
[BlackElo "2389"]
[PlyCount "102"]
[EventDate "2001.09.25"]
[EventType "tourn"]
[EventRounds "10"]
[EventCountry "POL"]
[SourceTitle "CBM 084 Extra"]
[Source "ChessBase"]
[SourceDate "2001.10.26"]
[SourceVersion "1"]
[SourceVersionDate "2001.10.26"]
[SourceQuality "1"]

1. e4 e6 2. Nf3 d5 3. Nc3 Nf6 4. e5 Nfd7 5. d4 c5 6. dxc5 Nc6 7. Bf4 Bxc5 8. Bd3 f6 9. exf6 Nxf6 10. 0-0 0-0 11. Ne5 Bd7 12. Qe2 Qe7 13. Rae1 Rae8 14. a3 a6 15. Bg3 Nxe5 16. Qxe5 Bc6 17. b4 Ba7 18. Qe2 Bd4 19. Be5 Bxe5 20. Qxe5 Nd7 21. Qe2 e5 22. b5 axb5 23. Bxb5 Qc5 24. Bxc6 bxc6 25. Nb1 e4 26. Qd2 Ne5 27. Qc3 Qxc3 28. Nxc3 Nc4 29. Ra1 d4 30. Ne2 c5 31. a4 e3 32. f3 Ra8 33. Ra2 Rfb8 34. Rfa1 Rb2 35. Rxb2 Nxb2 36. a5 Ra6 37. Nf4 g5 38. Nd5 Nc4 39. Nc7 Rxa5 40. Rxa5 Nxa5 41. Ne6 Nb7 42. Nxg5 c4 43. Ne4 Kf7 44. Kf1 d3 45. cxd3 cxd3 46. Ke1 Ke6 47. h4 Ke5 48. h5 Na5 49. g4 Nb3 50. Ng3 Nd4 51. Kd1 Nxf3 0-1

[Event "POL-ch (Women)"]
[Site "Brzeg Dolny"]
[Date "2001.10.01"]
[Round "7"]
[White "Toma, Katarzyna"]
[Black "Blimke, Dalia"]
[Result "1/2-1/2"]
[WhiteElo "2174"]
[BlackElo "2206"]
[PlyCount "125"]
[EventDate "2001.09.25"]
[EventType "tourn"]
[EventRounds "10"]
[EventCountry "POL"]
[SourceTitle "CBM 084 Extra"]
[Source "ChessBase"]
[SourceDate "2001.10.26"]
[SourceVersion "1"]
[SourceVersionDate "2001.10.26"]
[SourceQuality "1"]

1. e4 c5 2. Nf3 e6 3. d4 cxd4 4. Nxd4 a6 5. Nc3 Qc7 6. Bd3 Nc6 7. Be3 Nf6 8. 0-0 b5 9. a3 Bb7 10. Kh1 h5 11. f4 Ng4 12. Bg1 Nxd4 13. Bxd4 Bc5 14. Bxc5 Qxc5 15. Qe2 g5 16. Rae1 gxf4 17. Rxf4 Qg5 18. Ref1 Qh4 19. g3 Qg5 20. Bxb5 f5 21. Bxd7+ Kxd7 22. Rd1+ Kc7 23. Qc4+ Kb8 24. Qxe6 Qf6 25. Qb3 h4 26. Nd5 Qe5 27. h3 hxg3 28. Qxg3 Nf6 29. Nxf6 Rxh3+ 30. Qxh3 Qxf4 31. Qh2 Qxh2+ 32. Kxh2 fxe4 33. Rd8+ Bc8 34. Nxe4 Kc7 35. Rh8 Rb8 36. b3 Rb6 37. Rh7+ Kb8 38. Nc5 Rc6 39. b4 Rd6 40. Kg3 Bf5 41. Rh8+ Ka7 42. c3 Bd3 43. Kf4 Bc4 44. Rc8 Bb5 45. a4 Bc6 46. Rc7+ Kb6 47. Re7 a5 48. Re5 axb4 49. a5+ Ka7 50. cxb4 Rd4+ 51. Ke3 Rxb4 52. Re7+ Ka8 53. a6 Rc4 54. Ne6 Ra4 55. Kd2 Kb8 56. Nc5 Ra5 57. Re5 Ra2+ 58. Kc3 Bb5 59. Kb3 Ra1 60. Kb2 Ra5 61. Kc3 Ra1 62. Nb3 Rxa6 63. Rxb5+ 1/2-1/2

[Event "POL-ch (Women)"]
[Site "Brzeg Dolny"]
[Date "2001.09.28"]
[Round "4"]
[White "Blimke, Dalia"]
[Black "Zawadzka, Jolanta"]
[Result "1/2-1/2"]
[WhiteElo "2206"]
[BlackElo "2064"]
[PlyCount "74"]
[EventDate "2001.09.25"]
[EventType "tourn"]
[EventRounds "10"]
[EventCountry "POL"]
[SourceTitle "CBM 084 Extra"]
[Source "ChessBase"]
[SourceDate "2001.10.26"]
[SourceVersion "1"]
[SourceVersionDate "2001.10.26"]
[SourceQuality "1"]

1. e4 e5 2. Nf3 Nc6 3. d4 exd4 4. Nxd4 Bc5 5. Be3 Qf6 6. c3 Nge7 7. Bc4 Ne5 8. Be2 Qg6 9. 0-0 d6 10. f4 Qxe4 11. Bf2 Bxd4 12. cxd4 N5g6 13. Nc3 Qxf4 14. Nb5 0-0 15. Nxc7 Rb8 16. Nb5 Nf5 17. g3 Qg5 18. Nxa7 Bd7 19. Qc1 Qe7 20. Re1 Qf6 21. Qd2 Rfe8 22. Nb5 Re7 23. Nc3 Bc6 24. Bb5 Bxb5 25. Nxb5 Rbe8 26. Nc7 Rxe1+ 27. Rxe1 Rxe1+ 28. Qxe1 h6 29. Qe8+ Kh7 30. Nd5 Qe6 31. Qb5 Qe4 32. Qxb7 Qb1+ 33. Kg2 Qe4+ 34. Kg1 Qb1+ 35. Kg2 Qe4+ 36. Kh3 Qe6 37. Kg2 Qe4+ 1/2-1/2

[Event "POL-chT2 South"]
[Site "Ustron"]
[Date "2001.09.??"]
[Round "?"]
[White "Blimke, Dalia"]
[Black "Jalowiec, Halina"]
[Result "1-0"]
[WhiteElo "2214"]
[BlackElo "2128"]
[PlyCount "53"]
[EventDate "2001.09.14"]
[EventType "team-swiss"]
[EventRounds "10"]
[EventCountry "POL"]
[SourceTitle "EXT 2019"]
[Source "ChessBase"]
[SourceDate "2018.10.10"]
[SourceVersion "1"]
[SourceVersionDate "2018.10.10"]
[SourceQuality "1"]
[WhiteTeam "Legnica Miedz"]
[WhiteTeamCountry "POL"]

1. e4 c5 2. Nf3 Nc6 3. d4 cxd4 4. Nxd4 g6 5. c4 Bg7 6. Be3 Nf6 7. Nc3 Qa5 8. f3 0-0 9. Qd2 e6 10. Be2 d5 11. Nb3 Qd8 12. cxd5 exd5 13. Nxd5 Ne5 14. 0-0 Re8 15. Kh1 Be6 16. Nxf6+ Qxf6 17. Bg5 Nxf3 18. Bxf6 Nxd2 19. Nxd2 Bxf6 20. Rxf6 Rad8 21. Nf1 Kg7 22. Rf2 Rd4 23. Bf3 g5 24. h3 Kg6 25. Ng3 b6 26. Bh5+ Kg7 27. Bxf7 1-0

[Event "POL-chT2 South"]
[Site "Ustron"]
[Date "2001.09.??"]
[Round "?"]
[White "Gorczyca, Aleksandra"]
[Black "Blimke, Dalia"]
[Result "0-1"]
[WhiteElo "2007"]
[BlackElo "2214"]
[PlyCount "88"]
[EventDate "2001.09.14"]
[EventType "team-swiss"]
[EventRounds "10"]
[EventCountry "POL"]
[SourceTitle "EXT 2019"]
[Source "ChessBase"]
[SourceDate "2018.10.10"]
[SourceVersion "1"]
[SourceVersionDate "2018.10.10"]
[SourceQuality "1"]
[BlackTeam "Legnica Miedz"]
[BlackTeamCountry "POL"]

1. d4 g6 2. Nf3 Bg7 3. c4 d6 4. Nc3 Nf6 5. Bg5 0-0 6. e3 c5 7. h3 Nc6 8. d5 Na5 9. Bd3 h6 10. Bh4 e6 11. Qc2 exd5 12. cxd5 a6 13. a4 Bd7 14. Nd2 b5 15. axb5 axb5 16. 0-0 Qb6 17. b3 b4 18. Nce4 Nxd5 19. Nc4 Nxc4 20. Rxa8 Rxa8 21. Bxc4 Be6 22. Rd1 Qc6 23. Bg3 Rd8 24. Qd3 Nc3 25. Nxc3 Bxc4 26. Qxc4 bxc3 27. b4 d5 28. Qxc5 Qa4 29. Rf1 Qb3 30. b5 Bf8 31. Qc6 Qc4 32. Qxc4 dxc4 33. Rc1 Bb4 34. b6 Rd7 35. Kf1 f6 36. Ke2 Ba5 37. Bc7 Rd2+ 38. Kf3 c2 39. e4 c3 40. Kg3 Kf7 41. f4 Ke6 42. Kf3 Kd7 43. g4 Rd3+ 44. Kg2 Rd1 0-1

[Event "Polanica Zdroj op"]
[Site "Polanica Zdroj"]
[Date "2001.08.22"]
[Round "7"]
[White "Blimke, Dalia"]
[Black "Janocha, Wieslaw Adam"]
[Result "1-0"]
[WhiteElo "2206"]
[BlackElo "2315"]
[PlyCount "39"]
[EventDate "2001.08.16"]
[EventType "swiss"]
[EventRounds "10"]
[EventCountry "POL"]
[SourceTitle "EXT 2002"]
[Source "ChessBase"]
[SourceDate "2001.11.25"]
[SourceVersion "1"]
[SourceVersionDate "2001.11.25"]
[SourceQuality "1"]

1. e4 e5 2. Nf3 Nc6 3. d4 exd4 4. Nxd4 Nf6 5. Nxc6 bxc6 6. e5 Qe7 7. Qe2 Nd5 8. c4 Ba6 9. b3 Qh4 10. a3 Bc5 11. g3 Bxf2+ 12. Qxf2 Qe4+ 13. Qe2 Qxh1 14. Nd2 0-0 15. Nf3 Rae8 16. Kd2 Rxe5 17. Nxe5 Re8 18. Bb2 d6 19. Qf2 Nf6 20. Bd3 1-0

[Event "Polanica Zdroj op"]
[Site "Polanica Zdroj"]
[Date "2001.08.21"]
[Round "6"]
[White "Rupik, Marek"]
[Black "Blimke, Dalia"]
[Result "0-1"]
[WhiteElo "2103"]
[BlackElo "2206"]
[PlyCount "40"]
[EventDate "2001.08.16"]
[EventType "swiss"]
[EventRounds "10"]
[EventCountry "POL"]
[SourceTitle "EXT 2002"]
[Source "ChessBase"]
[SourceDate "2001.11.25"]
[SourceVersion "1"]
[SourceVersionDate "2001.11.25"]
[SourceQuality "1"]

1. e4 c5 2. Nf3 e6 3. d4 cxd4 4. Nxd4 Nc6 5. Nc3 Qc7 6. g3 a6 7. Bg2 d6 8. 0-0 Bd7 9. a4 Nf6 10. Nxc6 Bxc6 11. Bf4 Be7 12. Re1 0-0 13. e5 dxe5 14. Bxe5 Qc8 15. Ne4 Nxe4 16. Bxe4 Bxe4 17. Rxe4 Rd8 18. Qe2 Rd7 19. Qg4 Bf8 20. Re2 Qc6 0-1

[Event "Polanica Zdroj op"]
[Site "Polanica Zdroj"]
[Date "2001.08.19"]
[Round "4"]
[White "Szajda, Marcin"]
[Black "Blimke, Dalia"]
[Result "0-1"]
[WhiteElo "2102"]
[BlackElo "2206"]
[PlyCount "40"]
[EventDate "2001.08.16"]
[EventType "swiss"]
[EventRounds "10"]
[EventCountry "POL"]
[SourceTitle "EXT 2002"]
[Source "ChessBase"]
[SourceDate "2001.11.25"]
[SourceVersion "1"]
[SourceVersionDate "2001.11.25"]
[SourceQuality "1"]

1. e4 c5 2. Nf3 e6 3. d4 cxd4 4. Nxd4 Nc6 5. Nc3 Qc7 6. Be2 a6 7. 0-0 Nf6 8. Kh1 Nxd4 9. Qxd4 Bc5 10. Qd3 b5 11. a3 Bb7 12. f4 h5 13. Be3 Be7 14. Bf3 Ng4 15. Bd2 Rc8 16. h3 Qc5 17. Qe2 g6 18. Bxg4 hxg4 19. Qxg4 a5 20. f5 Qd4 0-1

[Event "Polanica Zdroj op"]
[Site "Polanica Zdroj"]
[Date "2001.08.17"]
[Round "2"]
[White "Kuziola, Mateusz"]
[Black "Blimke, Dalia"]
[Result "1/2-1/2"]
[WhiteElo "2099"]
[BlackElo "2206"]
[PlyCount "40"]
[EventDate "2001.08.16"]
[EventType "swiss"]
[EventRounds "10"]
[EventCountry "POL"]
[SourceTitle "EXT 2002"]
[Source "ChessBase"]
[SourceDate "2001.11.25"]
[SourceVersion "1"]
[SourceVersionDate "2001.11.25"]
[SourceQuality "1"]

1. f4 d5 2. Nf3 g6 3. g3 Bg7 4. Bg2 Nf6 5. 0-0 0-0 6. d3 c5 7. e3 Nc6 8. Qe2 Re8 9. Ne5 Qd6 10. Nxc6 Qxc6 11. e4 Bg4 12. Qe1 dxe4 13. dxe4 Qd7 14. Nc3 Bh3 15. Qe2 Bxg2 16. Qxg2 Qd4+ 17. Kh1 Ng4 18. Qf3 h5 19. b3 Nh6 20. Be3 Qd7 1/2-1/2

[Event "EU-ch (Women) 2nd"]
[Site "Warsaw"]
[Date "2001.05.02"]
[Round "10"]
[White "Blimke, Dalia"]
[Black "Gaprindashvili, Nona"]
[Result "1-0"]
[WhiteElo "2209"]
[BlackElo "2376"]
[PlyCount "61"]
[EventDate "2001.04.22"]
[EventType "swiss"]
[EventRounds "11"]
[EventCountry "POL"]
[SourceTitle "CBM 082 Extra"]
[Source "ChessBase"]
[SourceDate "2001.07.03"]
[SourceVersion "1"]
[SourceVersionDate "2001.07.03"]
[SourceQuality "1"]

1. e4 b6 2. d4 Bb7 3. Nc3 e6 4. a3 g6 5. Nf3 Bg7 6. Bg5 Ne7 7. h4 h6 8. Bf4 d6 9. Qd2 Nd7 10. Be2 a6 11. Bh2 b5 12. Ng1 Nb6 13. Rd1 Qd7 14. Nf3 0-0-0 15. 0-0 f5 16. Bd3 fxe4 17. Bxe4 Bxe4 18. Nxe4 Nf5 19. b3 Qc6 20. Rfe1 Rhe8 21. Rc1 Qd5 22. c4 bxc4 23. bxc4 Qc6 24. c5 Nc4 25. cxd6 Nxd2 26. Rxc6 Nxf3+ 27. gxf3 Rd7 28. Rxa6 Rxd6 29. Bxd6 Nxd6 30. Nxd6+ cxd6 31. Rxd6 1-0

[Event "POL-ch sf (Women)"]
[Site "Polanczyk"]
[Date "2000.11.07"]
[Round "4"]
[White "Lukasiewicz, Anna"]
[Black "Blimke, Dalia"]
[Result "1/2-1/2"]
[WhiteElo "2170"]
[BlackElo "2257"]
[PlyCount "61"]
[EventDate "2000.11.04"]
[EventType "swiss"]
[EventRounds "9"]
[EventCountry "POL"]
[SourceTitle "CBM 079 Extra"]
[Source "ChessBase"]
[SourceDate "2001.01.11"]
[SourceVersion "2"]
[SourceVersionDate "2001.01.25"]
[SourceQuality "1"]

1. e4 c5 2. Nf3 e6 3. d4 cxd4 4. Nxd4 Nc6 5. Nc3 Qc7 6. Be2 a6 7. 0-0 Nf6 8. Kh1 Nxd4 9. Qxd4 Bc5 10. Qd3 b5 11. f4 Bb7 12. Bf3 0-0 13. e5 Ne8 14. Bxb7 Qxb7 15. Ne4 Be7 16. Be3 Qc6 17. Bd4 Rc8 18. c3 Qc4 19. Qg3 f6 20. exf6 Bxf6 21. Bxf6 Nxf6 22. Nd6 Ne4 23. Nxc4 Nxg3+ 24. hxg3 Rxc4 25. Rfe1 b4 26. cxb4 Rxb4 27. Re2 Rfb8 28. b3 a5 29. Rd1 R8b7 30. Red2 a4 31. Rxd7 1/2-1/2

[Event "POL-ch sf (Women)"]
[Site "Polanczyk"]
[Date "2000.11.05"]
[Round "2"]
[White "Szymanska, Maria"]
[Black "Blimke, Dalia"]
[Result "0-1"]
[WhiteElo "2056"]
[BlackElo "2257"]
[PlyCount "128"]
[EventDate "2000.11.04"]
[EventType "swiss"]
[EventRounds "9"]
[EventCountry "POL"]
[SourceTitle "CBM 079 Extra"]
[Source "ChessBase"]
[SourceDate "2001.01.11"]
[SourceVersion "2"]
[SourceVersionDate "2001.01.25"]
[SourceQuality "1"]

1. d4 g6 2. c4 Bg7 3. Nc3 d6 4. e4 Nf6 5. h3 0-0 6. Bg5 c5 7. d5 Qa5 8. Bd2 e6 9. Bd3 Re8 10. Nf3 exd5 11. cxd5 c4 12. Be2 b5 13. a3 a6 14. 0-0 Qd8 15. Qc2 Nbd7 16. Be3 Qc7 17. Nd2 Nc5 18. Rac1 Nfd7 19. b3 cxb3 20. Nxb3 Bb7 21. Bf3 Rac8 22. Ne2 Qd8 23. Qb1 Nxb3 24. Rxc8 Qxc8 25. Qxb3 Ne5 26. Bf4 Qd7 27. Rb1 f5 28. Bxe5 Rxe5 29. exf5 Qe7 30. Ng3 gxf5 31. a4 Re1+ 32. Kh2 Rxb1 33. Qxb1 bxa4 34. Qb4 Qd7 35. Bd1 Bxd5 36. Bxa4 Qe6 37. Qf4 Be5 38. Qg5+ Kh8 39. f4 Bd4 40. Qxf5 Qxf5 41. Nxf5 Bc5 42. g4 Bc4 43. Kg3 Be2 44. Bb3 Bb5 45. h4 a5 46. h5 a4 47. Bc2 d5 48. Kf3 a3 49. Bb1 Bd3 50. Ba2 Bc4 51. Bb1 a2 52. Bxa2 Bxa2 53. g5 d4 54. Ke2 Bc4+ 55. Kd1 d3 56. g6 hxg6 57. hxg6 Kg8 58. Nh6+ Kg7 59. Ng4 Bb4 60. Ne3 Bb3+ 61. Kc1 d2+ 62. Kb2 Ba4 63. f5 Bc5 64. f6+ Kxg6 0-1

[Event "Polanica Zdroj op-A"]
[Site "Polanica Zdroj"]
[Date "2000.08.17"]
[Round "1"]
[White "Kengis, Edvins"]
[Black "Blimke, Dalia"]
[Result "1-0"]
[WhiteElo "2589"]
[BlackElo "2257"]
[PlyCount "93"]
[EventDate "2000.08.17"]
[EventType "swiss"]
[EventRounds "10"]
[EventCountry "POL"]
[SourceTitle "EXT 2001"]
[Source "ChessBase"]
[SourceDate "2000.11.22"]
[SourceVersion "1"]
[SourceVersionDate "2000.11.22"]
[SourceQuality "1"]

1. Nf3 Nf6 2. g3 g6 3. c4 Bg7 4. d4 0-0 5. Bg2 d6 6. 0-0 Nc6 7. Nc3 a6 8. d5 Ne5 9. b3 c5 10. dxc6 Nxc6 11. Bb2 Ne4 12. Qc1 Nxc3 13. Bxc3 Bxc3 14. Qxc3 Bf5 15. Rfd1 Qc7 16. Rac1 Rac8 17. Qd2 Qa5 18. Qxa5 Nxa5 19. Nd4 Rc7 20. h3 Bd7 21. Nc2 Bc6 22. Ne3 Bxg2 23. Kxg2 Re8 24. b4 Nc6 25. Nd5 Rcc8 26. Nb6 Rcd8 27. a3 Ne5 28. f4 Nd7 29. Nd5 Rc8 30. Kf3 f5 31. g4 fxg4+ 32. hxg4 g5 33. e3 e6 34. Nc3 gxf4 35. exf4 Rxc4 36. Ne4 Rxc1 37. Rxc1 d5 38. Nd6 Re7 39. Rc8+ Kg7 40. Rc7 Kf8 41. Rxb7 h6 42. a4 Nf6 43. Rb8+ Kg7 44. a5 d4 45. b5 axb5 46. a6 Rc7 47. Nxb5 1-0

[Event "POL-ch (Women)"]
[Site "Brzeg Dolny"]
[Date "2000.07.12"]
[Round "7"]
[White "Michna, Marta"]
[Black "Blimke, Dalia"]
[Result "1-0"]
[WhiteElo "2376"]
[BlackElo "2257"]
[PlyCount "67"]
[EventDate "2000.07.06"]
[EventType "tourn"]
[EventRounds "11"]
[EventCountry "POL"]
[EventCategory "2"]
[SourceTitle "CBM 077 Extra"]
[Source "ChessBase"]
[SourceDate "2000.09.14"]
[SourceVersion "1"]
[SourceVersionDate "2000.09.14"]
[SourceQuality "1"]

1. d4 Nf6 2. Nf3 g6 3. c4 Bg7 4. Nc3 d6 5. e4 0-0 6. Be2 e5 7. 0-0 Nc6 8. d5 Ne7 9. b4 a5 10. Ba3 axb4 11. Bxb4 Nd7 12. a4 Bh6 13. a5 f5 14. Bd3 Kh8 15. Re1 Nf6 16. c5 fxe4 17. cxd6 cxd6 18. Nxe4 Nxe4 19. Bxe4 Nf5 20. Rb1 Qf6 21. Bc3 Bg7 22. Rb6 Nd4 23. Bb4 Rd8 24. Nxd4 exd4 25. Bd3 Bf8 26. Bb5 Ra7 27. Re4 Bg7 28. Qe1 Bf5 29. Re7 Bf8 30. Rbxb7 Rxb7 31. Rxb7 Bg7 32. a6 d3 33. Rxg7 Qxg7 34. Bc3 1-0

[Event "POL-ch (Women)"]
[Site "Brzeg Dolny"]
[Date "2000.07.10"]
[Round "5"]
[White "Kludacz, Magdalena"]
[Black "Blimke, Dalia"]
[Result "0-1"]
[WhiteElo "2242"]
[BlackElo "2257"]
[PlyCount "118"]
[EventDate "2000.07.06"]
[EventType "tourn"]
[EventRounds "11"]
[EventCountry "POL"]
[EventCategory "2"]
[SourceTitle "CBM 077 Extra"]
[Source "ChessBase"]
[SourceDate "2000.09.14"]
[SourceVersion "1"]
[SourceVersionDate "2000.09.14"]
[SourceQuality "1"]

1. d4 Nf6 2. c4 g6 3. Nc3 Bg7 4. e4 d6 5. f3 0-0 6. Bg5 a6 7. Qd2 Nc6 8. Nge2 Rb8 9. d5 Ne5 10. Nd4 c5 11. Nc2 b5 12. cxb5 Nh5 13. Be2 axb5 14. g4 b4 15. Nd1 Nf6 16. Bh6 Ba6 17. Bxg7 Bxe2 18. Qxe2 Kxg7 19. Nce3 Qd7 20. 0-0 Qb5 21. Qxb5 Rxb5 22. a4 bxa3 23. Rxa3 Rb4 24. Ra7 Re8 25. Rf2 Kf8 26. Kg2 Reb8 27. Rd2 Ke8 28. Kf2 Nfd7 29. Ke2 Nb6 30. Nc2 Rb3 31. Nce3 Nbc4 32. Nxc4 Nxc4 33. Rd3 Rxd3 34. Kxd3 Nxb2+ 35. Nxb2 Rxb2 36. Ra8+ Kd7 37. Ra7+ Kd8 38. Ra8+ Kc7 39. Ra7+ Rb7 40. Ra8 Rb8 41. Ra7+ Kd8 42. g5 Ke8 43. Kc2 Kf8 44. h4 Re8 45. Kd3 Kg7 46. f4 Kf8 47. f5 Kg7 48. Rd7 f6 49. Ke3 Kf7 50. Rc7 Ra8 51. Rc6 gxf5 52. exf5 Ra4 53. gxf6 Kxf6 54. h5 Rh4 55. Rc8 Kxf5 56. Rf8+ Ke5 57. Rf7 Rh3+ 58. Kf2 Rxh5 59. Rxe7+ Kxd5 0-1